=LDR 00000nam 2200000 4500 =001 INLIS000000000022265 =005 20200318101324 =035 ##$$a 0010-061300000022265 =008 200318################g##########0#ind## =041 ##$$a Ind =082 ##$$a 211 =090 ##$$a 211, Wal m =100 ##$$a Walsch, Neale Donald =245 1#$$a Meditations from conversation with Gog : $b Book 1 /$c Neale Donald Walsch =260 ##$$a New York :$b Berkley books,$c 1997 =300 ##$$a vi, 201 hlm ; $c 14 x 19 cm =650 #4$$a Konsep tentang Tuhan =850 ##$$a NBPNMAT =020 ##$$a 0-425-16169-2 =084 ##$$a 211 WAL m =990 ##$$a 01520152 =990 ##$$a 30500104